000 00340nam a2200133Ia 4500
008 231129s9999||||xx |||||||||||||| ||spa||
020 _a84-7530-863-5
040 _bspa
082 _a193 K96r
100 _aKuhn Thomas S
245 0 _aLa revolucion copernicana
264 _aOrbis
942 _2ddc
_cBKS
999 _c18119
_d18119